<?xml version="1.0" encoding="UTF-8"?>
<collection xmlns="http://www.loc.gov/MARC21/slim">
<record>
  <controlfield tag="001">161551</controlfield>
  <controlfield tag="005">20250613111200.0</controlfield>
  <datafield tag="037" ind1=" " ind2=" ">
    <subfield code="a">TAZ-TFG-2018-4922</subfield>
  </datafield>
  <datafield tag="041" ind1=" " ind2=" ">
    <subfield code="a">spa</subfield>
  </datafield>
  <datafield tag="100" ind1="1" ind2=" ">
    <subfield code="a">Gómez Estaún, Luis Alfonso</subfield>
  </datafield>
  <datafield tag="242" ind1="0" ind2="0">
    <subfield code="a">Sexual roles BDSM and quality in couple's relationship</subfield>
  </datafield>
  <datafield tag="245" ind1="0" ind2="0">
    <subfield code="a">Roles sexuales BDSM y calidad en la relación de pareja</subfield>
  </datafield>
  <datafield tag="260" ind1=" " ind2=" ">
    <subfield code="a">Zaragoza</subfield>
    <subfield code="b">Universidad de Zaragoza</subfield>
    <subfield code="c">2018</subfield>
  </datafield>
  <datafield tag="506" ind1=" " ind2=" ">
    <subfield code="a">by-nc-sa</subfield>
    <subfield code="b">Creative Commons</subfield>
    <subfield code="c">3.0</subfield>
    <subfield code="u">http://creativecommons.org/licenses/by-nc-sa/3.0/</subfield>
  </datafield>
  <datafield tag="520" ind1=" " ind2=" ">
    <subfield code="a">El objetivo principal de esta propuesta de estudio es el de describir la relación entre determinados roles sexuales y la calidad (satisfacción) con la pareja. A lo largo de la historia ha existido la creencia de que las personas que mantienen prácticas BDSM sufrían trastornos o relaciones no saludables. Sin embargo, algunos enfoques de terapia de pareja y estudios, han mostrado de forma positiva el uso del juego y el humor para resolver desacuerdos y crear vínculos más íntimos de pareja, además de crear experiencias positivas compartidas. El actual estudio se llevará a cabo en parejas adultas con prácticas BDSM, sin rango de edad. Se les pasará en línea una encuesta formada por diferentes variables demográficas (sexo, edad, orientación sexual, formación académica, nivel socioeconómico), roles sexuales clásicos en la práctica BDSM y la Escala Revisada de Satisfacción Conyugal (RDAS) incluida. El objetivo que nos ocupa es analizar la calidad de las relaciones de pareja BDSM. Se espera encontrar que no existen diferencias significativas entre diferentes grupos de roles sexuales y con niveles similares de calidad en la pareja.&lt;br /></subfield>
  </datafield>
  <datafield tag="521" ind1=" " ind2=" ">
    <subfield code="a">Graduado en Psicología</subfield>
  </datafield>
  <datafield tag="540" ind1=" " ind2=" ">
    <subfield code="a">Derechos regulados por licencia Creative Commons</subfield>
  </datafield>
  <datafield tag="700" ind1=" " ind2=" ">
    <subfield code="a">Martínez Molina, Agustín</subfield>
    <subfield code="e">dir.</subfield>
  </datafield>
  <datafield tag="710" ind1="2" ind2=" ">
    <subfield code="a">Universidad de Zaragoza</subfield>
    <subfield code="b">Psicología y Sociología</subfield>
    <subfield code="c">Metod. de las Ciencias del Comportamiento</subfield>
  </datafield>
  <datafield tag="856" ind1="0" ind2=" ">
    <subfield code="f">666533@celes.unizar.es</subfield>
  </datafield>
  <datafield tag="856" ind1="4" ind2=" ">
    <subfield code="s">812858</subfield>
    <subfield code="u">http://zaguan.unizar.es/record/161551/files/TAZ-TFG-2018-4922.pdf</subfield>
    <subfield code="y">Memoria (spa)</subfield>
  </datafield>
  <datafield tag="909" ind1="C" ind2="O">
    <subfield code="o">oai:zaguan.unizar.es:161551</subfield>
    <subfield code="p">driver</subfield>
    <subfield code="p">trabajos-fin-grado</subfield>
  </datafield>
  <datafield tag="950" ind1=" " ind2=" ">
    <subfield code="a"></subfield>
  </datafield>
  <datafield tag="980" ind1=" " ind2=" ">
    <subfield code="a">TAZ</subfield>
    <subfield code="b">TFG</subfield>
    <subfield code="c">FCSH</subfield>
  </datafield>
  <datafield tag="999" ind1=" " ind2=" ">
    <subfield code="a">20181214090931.CREATION_DATE</subfield>
  </datafield>
  <datafield tag="951" ind1=" " ind2=" ">
    <subfield code="a">deposita:2025-06-13</subfield>
  </datafield>
</record>
</collection>